FC Barcelona 2025/2026 - Statystyki

Ogólne statystyki
  • Ten quiz został rozwiązany 774 razy
  • Średni wynik to 16 z 27
Statystyki odpowiedzi
Position Country Footballer % Poprawnych
Goalkepper Poland Wojciech Szczęsny
92%
Goalkepper Spain Joan Garcia
85%
Forward Poland Robert Lewandowski
80%
Midfielder Spain Pedri
75%
Goalkepper Germany Marc Andre Ter Stegen
74%
Forward Spain Lamine Yamal
71%
Midfielder Spain Gavi
70%
Defender Spain Pau Cubarsi
70%
Defender Uruguay Ronald Araujo
70%
Defender France Jules Kounde
66%
Forward Brazil Raphinha
65%
Forward Spain Ferran Torres
64%
Forward England Marcus Rashford
64%
Defender Spain Eric Garcia
62%
Midfielder Netherlands Frenkie de Jong
59%
Defender Spain Alejandro Balde
58%
Defender Denmark Andreas Christensen
57%
Midfielder Spain Dani Olmo
55%
Midfielder Spain Fermin Lopez
55%
Goalkepper Spain Inaki Pena
52%
Midfielder Spain Marc Casado
50%
Midfielder Spain Marc Bernal
47%
Defender Spain Gerard Martin
46%
Goalkepper United States Diego Kochen
42%
Defender Spain Hector Fort
28%
Defender Spain Inigo Martinez
27%
Forward Sweden Ronny Bardghji
13%
Nie znaleziono quizów pasujących do podanych kryteriów
Rozkład punktacji
Procent ludzi z każdym wynikiem
Percentyl według liczby udzielonych odpowiedzi
Twoja historia wyników
Nie rozwiązałeś tego quizu